| 000 | 01577cam a22002535a 4500 | ||
|---|---|---|---|
| 001 | L149136 | ||
| 008 | 100115s2009 xxk 000 0 eng d | ||
| 035 | _a(Sirsi) u149136 | ||
| 041 | 0 | _aeng | |
| 100 | 1 | _aBickford-Smith, Stephen | |
| 245 | 0 | 0 |
_aRent review arbitrations _blegal challenges to awards and how to avoid them |
| 260 | _c2009 | ||
| 490 | 0 |
_aArbitration _v75(3) August 2009, 374-381(8) |
|
| 520 | _aRent review arbitration is alive and well. Outlines the methods of rent review arbitrations under the Arbitration Act 1996 and discusses separately the two main ways of challenging a rent review award: appeals on points of law under s69 of the Act and applications to have the award set aside or remitted under s68, which provides broader grounds of challenge but is subject to substantial limitations. Reviews the case law relevant to s68 challenges. Concludes that the courts will support arbitrators wherever possible but each case depends on its facts with financial stringency likely to intensify attempts to challenge awards in future. | ||
| 590 | _aKA | ||
| 650 | 2 | 4 | _aARBITRATION ACT 1996 S33(1)(a) |
| 650 | 2 | 4 | _aARBITRATION ACT 1996 S34 |
| 650 | 2 | 4 | _aARBITRATION ACT 1996 S68 |
| 650 | 2 | 4 | _aARBITRATION ACT 1996 S69 |
| 651 | 4 |
_aEngland and Wales _y1543- |
|
| 690 | _aMANAGEMENT- DISPUTE AVOIDANCE, MANAGEMENT AND RESOLUTION-DISPUTE MANAGEMENT AND RESOLUTION-ARBITRATION | ||
| 690 | _aPROPERTY-COMMERCIAL PROPERTY-LEASEHOLD COMMERCIAL PROPERTY-COMMERCIAL LANDLORD AND TENANT-BUSINESS TENANCIES-RENT REVIEW (BUSINESS TENANCIES) | ||
| 942 | _n0 | ||
| 999 |
_c82071 _d82071 |
||